000 00574nam a22001697a 4500
020 _qHardcover.
082 _a629.892
100 _aSheikh, Usman Ayub
245 _aNear Infrared Spectroscopy based Brain Computer Interface for Decoding Speech /
_cUsman Ayub Sheikh.
260 _aIslamabad:
_bSMME - NUST,
_c2016.
300 _a52 p.: ill.;
_c30cm.
650 _aMS-Thesis.
_918721
700 _aDr. Syed Omer Gilani
_916175
856 _uhttp://10.250.8.41:8080/xmlui/handle/123456789/9178
942 _2ddc
_cTHE
999 _c529238
_d529238